000 02321cam a2200325 4500500
005 20251228080851.0
041 _afre
042 _adc
100 1 0 _aEbersold, Serge
_eauthor
245 0 0 _aL’accessibilité ou la solidarité reconfigurée ?
260 _c2020.
500 _a24
520 _aLoin de se résumer aux enjeux liés au vieillissement de la population ou à l’inscription sociale des personnes reconnues handicapées, l’accessibilité constitue un « imaginaire social instituant » traversé par de nouvelles conceptions de la citoyenneté, de nouvelles approches de la solidarité et de nouvelles formes de normativité. Ce texte rapporte ce nouvel imaginaire instituant à la nouvelle économie des obligations entre la société et les individus promue par une société de la connaissance fondée sur la concrétisation de droits individuels pour, dans un second temps, mettre l’accent sur les nouveaux modes de solidarisation des rapports sociaux à l’œuvre. Il s’intéresse en troisième lieu aux nouvelles formes de normativité soutenues par un mode d’analyse assujettissant la cohésion sociale à l’accessibilité des organisations et à leur aptitude à être solidairement responsables des usagers et de leurs membres.
520 _aAccessibility has become an imperative, a moral prescription, which permeates developed public policies concerned with the involvement of all people in economic and social development. It transforms the interpretation of social problems by moving away from an essentialist conception of social difficulties in favour of an ecological approach that focuses on obstacles to social participation. Accessibility is a new way of solidarizing social relationships, new forms of normativity.
690 _aaccessibilité
690 _adroits
690 _aexpertise
690 _aparticipation sociale
690 _apotentialités
690 _asolidarité
690 _atraduction
690 _aaccessibility
690 _aexpertise
690 _apotential
690 _arights
690 _asocial participation
690 _asolidarity
786 0 _nVie sociale | 27 | 3 | 2020-01-24 | p. 93-108 | 0042-5605
856 4 1 _uhttps://shs.cairn.info/revue-vie-sociale-2019-3-page-93?lang=fr&redirect-ssocas=7080
999 _c1599034
_d1599034